000 02448cam a22002054a 4500
005 20251217115906.0
008 250528s ||||||||||||||||||||||||d
035 _a23252
020 _a9789602218280
040 _aGR-AtMCL
_bgre
_dGR-AtMCL
_eAACR2
245 1 _aΟργάνωση και Διοίκηση Ναυτιλιακών Επιχειρήσεων
250 _a
260 _bΑλεξάνδρεια,
_c2019
300 _a636
520 _aΤο παρόν βιβλίο εξετάζει τη ναυτιλιακή επιχείρηση σε συνάρτηση με το περιβάλλον στο οποίο κινείται, αναλύει τις λειτουργίες της, την οργάνωση της και τους παράγοντες που την προσδιορίζουν, καθώς και την τμηματοποίηση της, ενώ αναπτύσσει θέματα σχετικά με το ανθρώπινο δυναμικό της, τη διοίκηση ασφάλειας, την εξωτερική ανάθεση λειτουργιών και την Εταιρική Κοινωνική Ευθύνη. Πρόλογος, Η Ναυτιλιακή Επιχείρηση, Το Περιβάλλον Λειτουργίας των Ναυτιλιακών Επιχειρήσεων, Ιδιαίτερα Χαρακτηριστικά της Ναυτιλίας και των Ναυτιλιακών Επιχειρήσεων, Οι Λειτουργίες της Ναυτιλιακής Επιχείρησης, Η Οργάνωση της Ναυτιλιακής Επιχείρησης, Προσδιοριστικοί Παράγοντες της Οργανωτικής Δομής, Τμηματοποίηση των Ναυτιλιακών Επιχειρήσεων, Διοίκηση Ανθρώπινου Δυναμικού στις Ναυτιλιακές Επιχειρήσεις, Διοίκηση Ανθρώπινου Δυναμικού Πλοίων, Διοίκηση Ασφάλειας στις Ναυτιλιακές Επιχειρήσεις, Εξωτερική Ανάθεση Λειτουργιών και Δραστηριοτήτων από τις Ναυτιλιακές Επιχειρήσεις, Εταιρική Κοινωνική Ευθύνη και Διοίκηση Ναυτιλιακών Επιχειρήσεων.
700 1 _aΘεοτοκάς, Γιάννης
_98840
942 _cBK
999 _c8281
_d8281